000 00216 a2200109 4500
020 _a9789992479285
041 _aspa
100 _aincer barquero, jaime
245 _aestudios sociales 3
942 _cBK
952 _71
999 _c18244
_d18244